000 00852cam a2200133 4500500
005 20260329023203.0
041 _afre
042 _adc
100 1 0 _aDeliège, Robert
_eauthor
245 0 0 _aAnthropologie de la famille et de la parenté
260 _bArmand Colin,
_c2011.
520 _aMoeurs et rites propres aux sociétés traditionnelles sont évoqués sous l’angle d’une réflexion qui s’appuie sur les études classiques de Morgan, Rivers, Malinowski, Evans-Pritchard et Lévi-Strauss et sur les travaux plus récents de Meillassoux, Godelier, Leach, Spiro, Héritier, Bourdieu, Testart. Cette étude met également l’accent sur les débats et discussions qui ont marqué la discipline.
856 4 1 _uhttps://shs.cairn.info/anthropologie-de-la-famille-et-de-la-parente-3e-ed--9782200259938?lang=fr&redirect-ssocas=7080
999 _c1925344
_d1925344